Kőrösi Henrik, Szabó László Az elemi népoktatás enciklópédiája : II kotet : I-Ő : [Budapest] : Franklin -Társulat, 1912 /

Elmentve itt :
Bibliográfiai részletek
Szerzők: Teveli Mihály
Kőrösi Henrik
Szabó László
Dokumentumtípus: Cikk
Megjelent: 1913
Sorozat:Magyar pedagógia : a Magyar Tudományos Akadémia Pedagógiai Bizottságának folyóirata 22
Kulcsszavak:Közoktatás elemi lexikonszerkesztés 1913, Népoktatás
Online Access:http://misc.bibl.u-szeged.hu/9044
LEADER 00857nab a2200205 i 4500
001 misc9044
005 20191106143602.0
008 170607s1913 hu o 0|| hun d
022 |a 0025-0260 
040 |a SZTE Miscellanea Repozitórium  |b hun 
041 |a hun 
100 1 |a Teveli Mihály 
245 1 0 |a Kőrösi Henrik, Szabó László   |h [elektronikus dokumentum] :  |b Az elemi népoktatás enciklópédiája : II kotet : I-Ő : [Budapest] : Franklin -Társulat, 1912 /  |c  Teveli Mihály 
260 |c 1913 
300 |a 29-30 
490 0 |a Magyar pedagógia : a Magyar Tudományos Akadémia Pedagógiai Bizottságának folyóirata  |v 22 
695 |a Közoktatás elemi lexikonszerkesztés 1913, Népoktatás 
700 0 1 |a Kőrösi Henrik  |e aut 
700 0 1 |a Szabó László  |e aut 
856 4 0 |u http://misc.bibl.u-szeged.hu/9044/1/mp_1913_1830_029-030.pdf  |z Dokumentum-elérés